[Event "Croacia ch 2008"]
[Site "Split CRO"]
[Date "2008.01.27"]
[Round "11.5"]
[White "Hulak, Krunoslav"]
[Black "Brkic, Ante"]
[Result "1-0"]
[WhiteElo "2552"]
[BlackElo "2558"]
[PlyCount "103"]
[EventDate "2008.01.16"]
[EventType "tourn"]
[EventRounds "13"]
[EventCountry "CRO"]
[EventCategory "12"]
[Source "lmi"]
[SourceDate "2008.01.16"]

1. d4 Nf6 2. c4 g6 3. g3 Bg7 4. Bg2 d5 5. cxd5 Nxd5 6. e4 Nb6 7. Ne2 c5 8. d5
e6 9. O-O O-O 10. Nec3 Na6 11. Na3 exd5 12. exd5 Bf5 13. Be3 Qd7 14. Re1 Rfe8
15. Qd2 Nb4 16. Bh6 Bxh6 17. Qxh6 Nd3 18. Rxe8+ Rxe8 19. h3 Ne1 20. Bh1 Nd3 21.
Bg2 Nb4 22. Rd1 Bd3 23. Qf4 Rd8 24. Qe3 c4 25. Qd4 f5 26. Re1 Re8 27. Rxe8+
Qxe8 28. b3 Qe1+ 29. Kh2 cxb3 30. axb3 Nd7 31. d6 a5 32. Nc4 Bxc4 33. Qxc4+ Kf8
34. Qc7 Qe6 35. Bxb7 Nd3 36. Bd5 Qe8 37. Bc6 N3e5 38. Bb5 g5 39. f4 gxf4 40.
gxf4 Nf3+ 41. Kg3 Nd4 42. Qxd7 Qe3+ 43. Kh4 Qxf4+ 44. Kh5 Qf3+ 45. Kg5 Qg3+ 46.
Kf6 Qh4+ 47. Ke5 Nf3+ 48. Ke6 Qh6+ 49. Kxf5 Qh5+ 50. Kf4 Qe5+ 51. Kxf3 Qxc3+
52. Ke4 1-0

[Event "Croacia ch 2008"]
[Site "Split CRO"]
[Date "2008.01.27"]
[Round "11.6"]
[White "Saric, Ivan"]
[Black "Palac, Mladen"]
[Result "1/2-1/2"]
[WhiteElo "2482"]
[BlackElo "2575"]
[PlyCount "69"]
[EventDate "2008.01.16"]
[EventType "tourn"]
[EventRounds "13"]
[EventCountry "CRO"]
[EventCategory "12"]
[Source "lmi"]
[SourceDate "2008.01.16"]

1. e4 c5 2. Nf3 d6 3. d4 cxd4 4. Nxd4 Nf6 5. Nc3 a6 6. Be3 e6 7. f3 b5 8. g4 h6
9. Qd2 b4 10. Nce2 e5 11. Nb3 a5 12. Rd1 Qc7 13. Ng3 g6 14. h4 Be6 15. h5 g5
16. Bb5+ Nbd7 17. c3 a4 18. Nc1 bxc3 19. bxc3 Be7 20. Nd3 O-O 21. Nb4 Rfc8 22.
Bc6 Ra5 23. Nd5 Bxd5 24. exd5 Nb6 25. Nf5 Nfxd5 26. Nxh6+ Kh7 27. Bxb6 Nxb6 28.
Nf5 Qxc6 29. Nxe7 Qxf3 30. Rf1 Qg3+ 31. Qf2 Qxc3+ 32. Rd2 Qc1+ 33. Rd1 Qc3+ 34.
Rd2 Qc1+ 35. Rd1 1/2-1/2

[Event "Croacia ch 2008"]
[Site "Split CRO"]
[Date "2008.01.28"]
[Round "12.1"]
[White "Brkic, Ante"]
[Black "Saric, Ivan"]
[Result "1/2-1/2"]
[WhiteElo "2558"]
[BlackElo "2482"]
[PlyCount "126"]
[EventDate "2008.01.16"]
[EventType "tourn"]
[EventRounds "13"]
[EventCountry "CRO"]
[EventCategory "12"]
[Source "lmi"]
[SourceDate "2008.01.16"]

1. d4 Nf6 2. Nf3 g6 3. Bg5 Bg7 4. Nbd2 O-O 5. c3 d6 6. e4 c5 7. dxc5 dxc5 8.
Bc4 Nc6 9. O-O Qc7 10. Re1 h6 11. Bh4 Nh5 12. Qe2 g5 13. Bg3 Nxg3 14. hxg3 Rd8
15. Nf1 Na5 16. Bd3 Be6 17. Ne3 c4 18. Bc2 Rd7 19. Rad1 Rad8 20. Nd4 Qb6 21. e5
Rxd4 22. cxd4 Rxd4 23. Bf5 Bxe5 24. Bxe6 Qxe6 25. Rxd4 Bxd4 26. Qd2 Nc6 27. Nc2
Qd5 28. Nxd4 Nxd4 29. Rd1 e5 30. f4 gxf4 31. gxf4 Qc5 32. Kh2 Ne6 33. Qd5 e4
34. f5 Qc7+ 35. Kh1 Nc5 36. Qxc4 Qe7 37. Qd4 Nd3 38. f6 Qe6 39. Rf1 Qg4 40. b3
Nf4 41. Qd2 Ne2 42. Qxh6 Ng3+ 43. Kg1 Nxf1 44. Kxf1 Qg3 45. Qh5 Qf4+ 46. Ke2 b6
47. Qh3 Qg5 48. g3 Qxf6 49. Qg4+ Qg7 50. Qxe4 Qxg3 51. Qa8+ Kg7 52. Qxa7 Qe5+
53. Kf3 Qd5+ 54. Ke3 Qe6+ 55. Kf3 Kg6 56. Qc7 f5 57. Qg3+ Kf7 58. Qc7+ Kf6 59.
Qc3+ Kg6 60. Qd4 Qc6+ 61. Kg3 b5 62. a4 Qc7+ 63. Kh3 bxa4 1/2-1/2

[Event "Croacia ch 2008"]
[Site "Split CRO"]
[Date "2008.01.28"]
[Round "12.3"]
[White "Zelcic, Robert"]
[Black "Rezan, Sasa"]
[Result "1-0"]
[WhiteElo "2587"]
[BlackElo "2390"]
[PlyCount "67"]
[EventDate "2008.01.16"]
[EventType "tourn"]
[EventRounds "13"]
[EventCountry "CRO"]
[EventCategory "12"]
[Source "lmi"]
[SourceDate "2008.01.16"]

1. e4 c5 2. Nf3 e6 3. d4 cxd4 4. Nxd4 Nf6 5. Nc3 d6 6. Be2 Be7 7. O-O O-O 8. f4
Nc6 9. Be3 Bd7 10. Nb3 a5 11. a4 Nb4 12. Bf3 e5 13. Rf2 Qc7 14. Rd2 Rfc8 15.
Kh1 h6 16. Qg1 Qb8 17. h3 Rc4 18. Rad1 Qe8 19. fxe5 dxe5 20. Bb6 Bxa4 21. Nxa5
Rcc8 22. Nxa4 Qxa4 23. Ra1 Qe8 24. c3 Nc6 25. Nc4 Rxa1 26. Qxa1 Nd7 27. Bf2 Nc5
28. Qd1 Ne6 29. Bg4 Bf8 30. Nb6 Rd8 31. Bxe6 fxe6 32. Nd7 Qg6 33. b4 Kh8 34.
Nxe5 1-0

[Event "Croacia ch 2008"]
[Site "Split CRO"]
[Date "2008.01.28"]
[Round "12.5"]
[White "Kozul, Zdenko"]
[Black "Jankovic, Alojzije"]
[Result "0-1"]
[WhiteElo "2600"]
[BlackElo "2541"]
[PlyCount "92"]
[EventDate "2008.01.16"]
[EventType "tourn"]
[EventRounds "13"]
[EventCountry "CRO"]
[EventCategory "12"]
[Source "lmi"]
[SourceDate "2008.01.16"]

1. d4 Nf6 2. c4 e6 3. Nf3 d5 4. g3 dxc4 5. Bg2 Nc6 6. O-O Rb8 7. e3 b5 8. Qe2
Bb7 9. Rd1 Nb4 10. a4 a6 11. axb5 axb5 12. Nc3 Be7 13. e4 Nd3 14. Ne5 b4 15.
Nb5 c6 16. Na7 Nxe5 17. dxe5 Nd7 18. Qxc4 Qb6 19. Be3 Nxe5 20. Bxb6 Nxc4 21.
Bc7 Ra8 22. Bf1 Nxb2 23. Rdc1 Bd8 24. Be5 Bb6 25. Nxc6 Rxa1 26. Rxa1 Bxc6 27.
Bxg7 Rg8 28. Bxb2 Bxe4 29. Ra6 Bc5 30. Bd3 Rg4 31. Bb5+ Ke7 32. Kf1 Bf3 33. Bc6
Bxc6 34. Rxc6 Rc4 35. Rc7+ Kd6 36. Rxf7 Rc2 37. Bg7 Kd5 38. Kg2 b3 39. Rb7
Rxf2+ 40. Kh3 Kc4 41. Rc7 b2 42. Bxb2 Rxb2 43. Rxh7 e5 44. g4 e4 45. g5 e3 46.
Rh4+ Kd3 0-1

[Event "Croacia ch 2008"]
[Site "Split CRO"]
[Date "2008.01.28"]
[Round "12.6"]
[White "Dizdar, Goran"]
[Black "Kurajica, Bojan"]
[Result "1/2-1/2"]
[WhiteElo "2564"]
[BlackElo "2556"]
[PlyCount "117"]
[EventDate "2008.01.16"]
[EventType "tourn"]
[EventRounds "13"]
[EventCountry "CRO"]
[EventCategory "12"]
[Source "lmi"]
[SourceDate "2008.01.16"]

1. Nf3 Nf6 2. c4 e6 3. g3 a6 4. Bg2 b5 5. b3 d5 6. cxd5 exd5 7. O-O Bd6 8. d4
O-O 9. Nc3 b4 10. Na4 Nbd7 11. Qc2 a5 12. a3 Ba6 13. axb4 axb4 14. Bg5 Qe8 15.
Bxf6 Nxf6 16. Ra2 Bb5 17. Rfa1 Qe4 18. Qc1 Qf5 19. Qg5 Qe6 20. Ne5 Ne4 21. Qe3
Bxe5 22. Bxe4 dxe4 23. Nc5 Rxa2 24. Rxa2 Qd5 25. dxe5 Qxe5 26. Nxe4 Re8 27. Ra5
f5 28. Qc5 Qxc5 29. Nxc5 Bxe2 30. f4 Bg4 31. Ra4 Re1+ 32. Kf2 Re2+ 33. Kf1 Rc2
34. Ne6 Kf7 35. Nd4 Rc1+ 36. Kf2 c5 37. Ra7+ Kf6 38. Ra6+ Ke7 39. Nc6+ Ke8 40.
Ra8+ Kd7 41. Ne5+ Ke6 42. Rc8 Rc3 43. Nc4 Rf3+ 44. Ke1 Rxb3 45. Rxc5 Rb1+ 46.
Kd2 Rh1 47. Re5+ Kf6 48. Rb5 Rxh2+ 49. Ke3 Kg6 50. Ne5+ Kh6 51. Rb6+ g6 52.
Nxg4+ fxg4 53. f5 Rg2 54. fxg6 hxg6 55. Kf4 Rb2 56. Kxg4 b3 57. Rb8 Rb1 58. Rb6
b2 59. Rb7 1/2-1/2

[Event "Croacia ch 2008"]
[Site "Split CRO"]
[Date "2008.01.29"]
[Round "13.2"]
[White "Jovanovic, Zoran"]
[Black "Kozul, Zdenko"]
[Result "1-0"]
[WhiteElo "2525"]
[BlackElo "2600"]
[PlyCount "131"]
[EventDate "2008.01.16"]
[EventType "tourn"]
[EventRounds "13"]
[EventCountry "CRO"]
[EventCategory "12"]
[Source "lmi"]
[SourceDate "2008.01.16"]

1. e4 c5 2. Nf3 Nc6 3. d4 cxd4 4. Nxd4 Nf6 5. Nc3 d6 6. Bg5 e6 7. Qd2 a6 8.
O-O-O Bd7 9. f4 h6 10. Bh4 b5 11. a3 Be7 12. Nf3 b4 13. axb4 Nxb4 14. Bc4 Bc6
15. Rhe1 O-O 16. e5 dxe5 17. Qxd8 Bxd8 18. Nxe5 Bc7 19. f5 exf5 20. Bxf6 gxf6
21. Nxc6 Nxc6 22. Bd5 Rfc8 23. Bxc6 Bf4+ 24. Kb1 Rxc6 25. Nd5 Bd6 26. Nxf6+ Kf8
27. Nd7+ Kg7 28. Ne5 Bxe5 29. Rxe5 Kg6 30. Rf1 Rf6 31. c3 Rc8 32. Kc2 Rc4 33.
b3 Rh4 34. h3 Rh5 35. Rf3 Rg5 36. Re2 h5 37. c4 h4 38. Kc3 f4 39. Ref2 Rg3 40.
c5 Re6 41. Kd4 Rxf3 42. Rxf3 Kf5 43. Rc3 Re4+ 44. Kd3 Re3+ 45. Kd2 Re7 46. c6
Rc7 47. Ke2 Ke4 48. Rc4+ Kd5 49. Kf3 a5 50. Kg4 a4 51. Rxa4 Rxc6 52. Rxf4 Rg6+
53. Kxh4 Rxg2 54. Rxf7 Ke5 55. b4 Rg8 56. b5 Rh8+ 57. Kg3 Rg8+ 58. Kh2 Rb8 59.
Rh7 Kf4 60. Rh4+ Ke5 61. Kg3 Kd6 62. Rh6+ Kc7 63. b6+ Kb7 64. h4 Rg8+ 65. Kf4
Rg1 66. Rf6 1-0

[Event "Croacia ch 2008"]
[Site "Split CRO"]
[Date "2008.01.29"]
[Round "13.3"]
[White "Rezan, Sasa"]
[Black "Stevic, Hrvoje"]
[Result "1/2-1/2"]
[WhiteElo "2390"]
[BlackElo "2531"]
[PlyCount "33"]
[EventDate "2008.01.16"]
[EventType "tourn"]
[EventRounds "13"]
[EventCountry "CRO"]
[EventCategory "12"]
[Source "lmi"]
[SourceDate "2008.01.16"]

1. d4 d5 2. c4 dxc4 3. Nf3 Nf6 4. e3 e6 5. Bxc4 c5 6. O-O a6 7. dxc5 Qxd1 8.
Rxd1 Bxc5 9. a3 Nbd7 10. b4 Be7 11. Bb2 b5 12. Be2 Bb7 13. Nbd2 O-O 14. Rac1
Rfc8 15. Rxc8+ Rxc8 16. Rc1 Rxc1+ 17. Bxc1 1/2-1/2

[Event "Croacia ch 2008"]
[Site "Split CRO"]
[Date "2008.01.29"]
[Round "13.4"]
[White "Hulak, Krunoslav"]
[Black "Zelcic, Robert"]
[Result "1/2-1/2"]
[WhiteElo "2552"]
[BlackElo "2587"]
[PlyCount "21"]
[EventDate "2008.01.16"]
[EventType "tourn"]
[EventRounds "13"]
[EventCountry "CRO"]
[EventCategory "12"]
[Source "lmi"]
[SourceDate "2008.01.16"]

1. g3 c5 2. c4 Nf6 3. Bg2 d5 4. cxd5 Nxd5 5. Nc3 e6 6. Nf3 Nc6 7. O-O Be7 8. d4
O-O 9. Nxd5 exd5 10. dxc5 Bxc5 11. Bg5 1/2-1/2

[Event "Croacia ch 2008"]
[Site "Split CRO"]
[Date "2008.01.29"]
[Round "13.5"]
[White "Saric, Ivan"]
[Black "Cvitan, Ognjen"]
[Result "1/2-1/2"]
[WhiteElo "2482"]
[BlackElo "2535"]
[PlyCount "27"]
[EventDate "2008.01.16"]
[EventType "tourn"]
[EventRounds "13"]
[EventCountry "CRO"]
[EventCategory "12"]
[Source "lmi"]
[SourceDate "2008.01.16"]

1. e4 c6 2. d4 d5 3. exd5 cxd5 4. c4 Nf6 5. Nc3 e6 6. Nf3 Be7 7. cxd5 Nxd5 8.
Bd3 Nc6 9. O-O O-O 10. a3 Nf6 11. Bc2 b6 12. Bg5 Ba6 13. Re1 Rc8 14. Qd2
1/2-1/2